00442nam a2200157 a 450000100060000000300090000600800410001504000280005608200140008410000240009824500730012226000440019530000080023965000140024765000230026113243CO-ViMGA141112s2004 ck r 000 u spa d aCO-ViMGAbspacCO-ViMGA04a551 M177m1 aMarshack, Alexander10aEl mundo y el espacio : bhistoria del año geofisico internacional aBuenosAires : bEditorial Agora, c1958 a22014aGEOFICICA14aORIGENDE LA TIERRA